| 000 | 00765nam a2200277Ia 4500 | ||
|---|---|---|---|
| 001 | 22092 | ||
| 005 | 20260320113342.0 | ||
| 008 | 260320s9999||||xx |||||||||||||| ||und|| | ||
| 022 | _a31197663 | ||
| 041 | _aESP | ||
| 082 |
_aHR 344 ENE 2026 _bPPP |
||
| 100 |
_a _e |
||
| 110 | _aGrupo Praxis | ||
| 245 | 0 |
_aPraxis penal & procesal penal _b |
|
| 246 |
_a _5 _b |
||
| 260 |
_aLima : _bGrupo Praxis _c2026 |
||
| 300 |
_a256 páginas : _bgráficos ; _c25 cm. _e |
||
| 440 |
_a _n _v |
||
| 505 | _aNúmero 1 (2026) | ||
| 650 | _aCIS | ||
| 653 | _aDerecho - Revista | ||
| 654 | _aDER | ||
| 700 |
_aMuro Rojo, Manuel, _cdirector |
||
| 856 |
_uhttps://zonadelsuscriptor.praxisperu.pe/biblioteca/public/library.php _zVersión digital |
||
| 942 |
_cREV _dJUS _fMIP _2ddc _n |
||
| 999 |
_c22092 _d22092 |
||